00717nam a22002057a 4500999001900000005001700019010001500036020002700051035001400078037001300092082001000105245006300115260004500178270005800223300002300281500004000304700001900344942002400363952012400387 c160736d16073620190214144049.0 aENG-124805 a9788186772973c1695.00 aEN-108337 bDBAD/PUB a323.1 aRestructuring Indian federation/cedited by Jitendra Sahoo aNew DelhibNew Academic Publishersc2018 a4760-61/23, Ansari Road, DaryaganjbNew Delhie110002 axv,241p.c23cm(Hb) aincludes bibliographical references aSahoo Jitendra 2ddccENh323.1mRES 001040718NFICaDBADbAVd2019-02-14eDBAD/PUBg1695.00l0o323.1 RESpEN-108337r2019-02-14 00:00:00t1v1695.00yEN